<?xml version="1.0" encoding="UTF-8"?>
<record
    xmlns:xsi="http://www.w3.org/2001/XMLSchema-instance"
    xsi:schemaLocation="http://www.loc.gov/MARC21/slim http://www.loc.gov/standards/marcxml/schema/MARC21slim.xsd"
    xmlns="http://www.loc.gov/MARC21/slim">

  <leader>00416nam a2200169   4500</leader>
  <controlfield tag="005">20260505124631.0</controlfield>
  <controlfield tag="008">260505b        |||||||| |||| 00| 0 eng d</controlfield>
  <datafield tag="020" ind1=" " ind2=" ">
    <subfield code="a">9781032261973</subfield>
  </datafield>
  <datafield tag="082" ind1=" " ind2=" ">
    <subfield code="a">617.51</subfield>
    <subfield code="b">TYS-E</subfield>
  </datafield>
  <datafield tag="100" ind1=" " ind2=" ">
    <subfield code="a">Tysome ,James R.</subfield>
  </datafield>
  <datafield tag="245" ind1=" " ind2=" ">
    <subfield code="a">ENT An Introduction And Practical Guide </subfield>
  </datafield>
  <datafield tag="250" ind1=" " ind2=" ">
    <subfield code="a">3rd Ed </subfield>
  </datafield>
  <datafield tag="260" ind1=" " ind2=" ">
    <subfield code="a">New York </subfield>
    <subfield code="b">CRC Press </subfield>
  </datafield>
  <datafield tag="300" ind1=" " ind2=" ">
    <subfield code="a">176p</subfield>
  </datafield>
  <datafield tag="650" ind1=" " ind2=" ">
    <subfield code="a">Education </subfield>
  </datafield>
  <datafield tag="942" ind1=" " ind2=" ">
    <subfield code="c">BK</subfield>
  </datafield>
  <datafield tag="999" ind1=" " ind2=" ">
    <subfield code="c">47519</subfield>
    <subfield code="d">47519</subfield>
  </datafield>
  <datafield tag="952" ind1=" " ind2=" ">
    <subfield code="0">0</subfield>
    <subfield code="w">2026-05-05</subfield>
    <subfield code="1">0</subfield>
    <subfield code="4">0</subfield>
    <subfield code="7">0</subfield>
    <subfield code="8">Education</subfield>
    <subfield code="a">AUSC</subfield>
    <subfield code="b">AUSC</subfield>
    <subfield code="c">Education</subfield>
    <subfield code="d">2026-05-05</subfield>
    <subfield code="e">Ali Book Services</subfield>
    <subfield code="i">AUH11-01</subfield>
    <subfield code="l">0</subfield>
    <subfield code="o">617.51 TYS-E</subfield>
    <subfield code="p">AUHEP0162</subfield>
    <subfield code="r">2026-05-05 12:47:30</subfield>
    <subfield code="y">BK</subfield>
  </datafield>
</record>
